| Tag |
First Indicator |
Second Indicator |
Subfields |
| LEADER |
00000cam a22000004a 4500 |
| 001 |
in00002246321 |
| 005 |
20211129152619.0 |
| 008 |
070416s2006 dcua a b f000 0 eng c |
| 010 |
|
|
|a 2007395252
|
| 020 |
|
|
|a 9780160781896
|
| 020 |
|
|
|a 0160781892
|
| 035 |
|
|
|a (OCoLC)ocm85837099
|
| 037 |
|
|
|a 552-070-35579-1
|b GPO
|
| 040 |
|
|
|a SEN
|c SEN
|d DLC
|d GPO
|d MvI
|d UtOrBLW
|
| 042 |
|
|
|a pcc
|
| 043 |
|
|
|a n-us---
|
| 049 |
|
|
|a UDOC
|
| 049 |
|
|
|a WWW
|
| 050 |
0 |
0 |
|a KF26
|b .F54 2006
|
| 074 |
|
|
|a 1038-A
|
| 074 |
|
|
|a 1038-A (online)
|
| 074 |
|
|
|a 1038-B (MF)
|
| 074 |
|
|
|a 1038-B (online)
|
| 086 |
0 |
|
|a Y 4.F 49:S.HRG.109-810
|
| 110 |
1 |
|
|a United States.
|b Congress.
|b Senate.
|b Committee on Finance.
|b Subcommittee on Long-term Growth and Debt Reduction.
|
| 245 |
1 |
0 |
|a Small business pension plans :
|b how can we increase worker coverage? : hearing before the Subcommittee on Long-term Growth and Debt Reduction of the Committee on Finance, United States Senate, One Hundred Ninth Congress, second session, June 29, 2006.
|
| 264 |
|
1 |
|a Washington :
|b U.S. G.P.O. :
|c 2006.
|
| 264 |
|
2 |
|a Washington :
|b For sale by the Supt. of Docs., U.S. G.P.O.,
|
| 300 |
|
|
|a iii, 144 pages :
|b illustrations ;
|c 24 cm.
|
| 336 |
|
|
|a text
|b txt
|2 rdacontent
|
| 337 |
|
|
|a unmediated
|b n
|2 rdamedia
|
| 338 |
|
|
|a volume
|b nc
|2 rdacarrier
|
| 490 |
1 |
|
|a S. hrg. ;
|v 109-810
|
| 500 |
|
|
|a "Printed for the use of the Committee on Finance."
|
| 500 |
|
|
|a Distributed to some depository libraries in microfiche.
|
| 500 |
|
|
|a Shipping list number: 2007-0209-P.
|
| 500 |
|
|
|a Shipping List Date: 04/13/2007
|
| 530 |
|
|
|a Also available via Internet from the Senate Finance Committee web site. Address as of 3/12/07: http://finance.senate.gov/hearings/32520.pdf; current access available via PURL.
|
| 650 |
|
0 |
|a Small business
|x Employees
|x Pensions
|z United States.
|
| 650 |
|
0 |
|a Pension trusts
|z United States.
|
| 810 |
1 |
|
|a United States.
|b Congress.
|b Senate.
|t S. hrg. ;
|v 109-810.
|
| 856 |
4 |
1 |
|u https://purl.fdlp.gov/GPO/LPS79988
|t 0
|
| 999 |
|
|
|a MARS
|
| 999 |
f |
f |
|s 5ac15e33-2e94-3384-94ac-747e8e487364
|i 4157d87d-b394-30b1-8818-e0bd973036aa
|t 0
|
| 952 |
f |
f |
|a Texas A&M University
|b College Station
|c Electronic Resources
|d Available Online
|t 0
|e Y 4.F 49:S.HRG.109-810
|h Superintendent of Documents classification
|
| 998 |
f |
f |
|a Y 4.F 49:S.HRG.109-810
|t 0
|l Available Online
|